书目信息 |
| 题名: |
动车组制动系统
|
|
| 作者: | 胡准庆 主编 | |
| 分册: | ||
| 出版信息: | 北京 北京交通大学出版社 2012 |
|
| 页数: | 263页 | |
| 开本: | 26cm | |
| 丛书名: | ||
| 单 册: | ||
| 中图分类: | U266 | |
| 科图分类: | ||
| 主题词: | 高速列车--教材--动车--技术培训--制动装置 , 高速列车 , 动车 , 制动装置 | |
| 电子资源: | ||
| ISBN: | 978-7-5121-1028-1 | |
| 000 | 00910nam0 2200265 450 | |
| 001 | 73 | |
| 005 | 20160906091117.68 | |
| 010 | @a978-7-5121-1028-1@dCNY35.00 | |
| 100 | @a20120727d2012 em y0chiy50 ea | |
| 101 | 0 | @achi |
| 102 | @aCN@b110000 | |
| 105 | @aa z 000yy | |
| 200 | 1 | @a动车组制动系统@9dong che zu zhi dong xi tong@f胡准庆主编 |
| 210 | @a北京@c北京交通大学出版社@d2012 | |
| 215 | @a263页@c图@d26cm | |
| 300 | @a动车组系列培训教材·机械师 | |
| 330 | @a本书共8章,主要介绍动车组制动系统的相关概念、组成及基本工作原理,并介绍了国产CRH1型、CRH2型、CRH3型和CRH5型动车组制动系统的组成、工作原理和特点,以及动车组制动系统的试验和维修。 | |
| 606 | 0 | @a高速列车@j教材@x动车@x技术培训@x制动装置 |
| 606 | 0 | @a高速列车 |
| 606 | 0 | @a动车 |
| 606 | 0 | @a制动装置 |
| 690 | @aU266@v5 | |
| 701 | 0 | @a胡准庆@9hu zhun qing@4主编 |
| 801 | 0 | @aCN@b唐山师范学院图书馆@c20160720 |
| 905 | @aZUCC@dU266@e277 | |
| 动车组制动系统/胡准庆主编.-北京:北京交通大学出版社,2012 |
| 263页:图;26cm |
| 动车组系列培训教材·机械师 |
| ISBN 978-7-5121-1028-1:CNY35.00 |
| 本书共8章,主要介绍动车组制动系统的相关概念、组成及基本工作原理,并介绍了国产CRH1型、CRH2型、CRH3型和CRH5型动车组制动系统的组成、工作原理和特点,以及动车组制动系统的试验和维修。 |
| ● |
| 相关链接 |
|
|
|
|
正题名:动车组制动系统
索取号:U266/277
 
预约/预借
| 序号 | 登录号 | 条形码 | 馆藏地/架位号 | 状态 | 备注 |
| 1 | 900302 | 209003022 | 第二样本阅览室/ [索取号:U266/277] | 在馆 | |
| 2 | 900303 | 209003031 | 第三借阅区/ [索取号:U266/277] | 在馆 | |
| 3 | 900304 | 209003040 | 第三借阅区/ [索取号:U266/277] | 在馆 |